The Perception of college students, parents, government officials, and lawyers from the Parañaque and the Las Piñas areas on the condition of the Philippines under President Gloria Macapagal-Arroyo / (Record no. 96721)
[ view plain ]
| 000 -LEADER | |
|---|---|
| fixed length control field | 00850nam a2200193 a 4500 |
| 003 - CONTROL NUMBER IDENTIFIER | |
| control field | 0 |
| 005 - DATE AND TIME OF LATEST TRANSACTION | |
| control field | 20250528150258.0 |
| 008 - FIXED-LENGTH DATA ELEMENTS--GENERAL INFORMATION | |
| fixed length control field | 021022s19uu xx 00 eng d |
| 050 ## - LIBRARY OF CONGRESS CALL NUMBER | |
| Classification number | PHS DS 686.614 |
| Item number | .M36 2002 |
| 100 ## - MAIN ENTRY--PERSONAL NAME | |
| Personal name | Manalo, Cheilthy R. |
| 245 ## - TITLE STATEMENT | |
| Title | The Perception of college students, parents, government officials, and lawyers from the Parañaque and the Las Piñas areas on the condition of the Philippines under President Gloria Macapagal-Arroyo / |
| Statement of responsibility, etc | Cheilthy R. Manalo. |
| 260 ## - PUBLICATION, DISTRIBUTION, ETC. (IMPRINT) | |
| Place of publication, distribution, etc | Las Piñas City, Philippines : |
| Name of publisher, distributor, etc | Southville International School and Colleges, |
| Date of publication, distribution, etc | 2002. |
| 300 ## - PHYSICAL DESCRIPTION | |
| Extent | 62 pages ; |
| Dimensions | 28 cm. |
| 504 ## - BIBLIOGRAPHY, ETC. NOTE | |
| Bibliography, etc | Includes bibliographical references. |
| 650 ## - SUBJECT ADDED ENTRY--TOPICAL TERM | |
| Topical term or geographic name as entry element | Public opinion |
| Geographic subdivision | Philippines. |
| 650 ## - SUBJECT ADDED ENTRY--TOPICAL TERM | |
| Topical term or geographic name as entry element | College students |
| Geographic subdivision | Philippines |
| General subdivision | Attitudes. |
| 650 ## - SUBJECT ADDED ENTRY--TOPICAL TERM | |
| Topical term or geographic name as entry element | Gloria Macapagal-Arroyo, 1947- |
| General subdivision | Public opinion. |
| 942 ## - ADDED ENTRY ELEMENTS (KOHA) | |
| Source of classification or shelving scheme | Library of Congress Classification |
| Koha item type | PASS |
| Withdrawn status | Lost status | Source of classification or shelving scheme | Damaged status | Home library | Current library | Shelving location | Date acquired | Source of acquisition | Total Checkouts | Full call number | Barcode | Date last seen | Price effective from | Koha item type |
|---|---|---|---|---|---|---|---|---|---|---|---|---|---|---|
| Library of Congress Classification | Luxembourg Library | Luxembourg Library | Portfolio Assessment of SISC Students Section | 10/22/2002 | Donation | PHS DS 686.614 .M36 2002 | P0705 | 04/08/2014 | 04/08/2014 | PASS |